000 00427cam a2200181ua 4500
020 _c20.00
041 _aeng
_h
082 _a663.3
_bBOS/MO
100 _aBose, H.N .
245 _aModern pottery manufacture /
_cH.N.Bose.
_hTextual Documents
250 _a3 rev /
_b.
260 _a :
_bCeramic publication ,
_c1947.
300 _a482 ; .
365 _a20.00
504 _a
942 _cBK
999 _c1182
_d1182